书目信息 |
| 题名: |
重新发现格列柯
|
|
| 作者: | 爱德华-杜雅尔丹 著 ;欧瑜 译 | |
| 分册: | ||
| 出版信息: | 杭州 浙江摄影出版社 2024.06 |
|
| 页数: | 105页 | |
| 开本: | 24cm | |
| 丛书名: | 这就是艺术 | |
| 单 册: | ||
| 中图分类: | J213.055.51 | |
| 科图分类: | ||
| 主题词: | ||
| 电子资源: | ||
| ISBN: | 978-7-5514-4900-7 | |
| 000 | 01141oam2 2200277 450 | |
| 001 | 01154009 | |
| 005 | 20251022194054.89 | |
| 010 | @a978-7-5514-4900-7@b精装@dCNY78.00 | |
| 100 | @a20240730d2024 em y0chiy0120 ea | |
| 101 | 1 | @achi@cfre |
| 102 | @aCN@b330000 | |
| 105 | @aa z 001yy | |
| 106 | @ar | |
| 200 | 1 | @a重新发现格列柯@9zhong xin fa xian ge lie ke@f(法)海莉·爱德华-杜雅尔丹著@g欧瑜译 |
| 210 | @a杭州@c浙江摄影出版社@d2024.06 | |
| 215 | @a105页@c彩图@d24cm | |
| 225 | 2 | @a这就是艺术 |
| 320 | @a有索引 | |
| 330 | @a狂妄自信的西班牙天才 , 文艺复兴的一段传奇 。他是三百年前的“先知” ,他是现代主义的先驱,他 吸引浪漫主义画派,他影响 德国表现主义,他的身影在 委拉斯开兹、毕加索、 里阿尼、培根等现代艺术家 的作品里不停闪现。他站在 他所处的时代,教会 的 我们如何去看眼前的世界想 要抵达光明,必须穿越黑暗 。 | |
| 461 | 0 | @12001 @a这就是艺术 |
| 600 | 1 | @a格列柯@g(Greco, EI),@f1541-1614@x绘画研究 |
| 690 | @aJ213.055.51@v5 | |
| 701 | 1 | @c(法)@a爱德华-杜雅尔丹@9ai de hua - du ya er dan@c(Edwards-Dujardin, Hayley)@4著 |
| 702 | 0 | @a欧瑜@9ou yu@4译 |
| 801 | 0 | @aCN@c20250905 |
| 905 | @a河南城建学院图书馆@dJ213@eG276@ZG276@f1 | |
| 重新发现格列柯/(法)海莉·爱德华-杜雅尔丹著/欧瑜译.-杭州:浙江摄影出版社,2024.06 |
| 105页:彩图;24cm.-(这就是艺术) |
| ISBN 978-7-5514-4900-7(精装):CNY78.00 |
| 狂妄自信的西班牙天才 , 文艺复兴的一段传奇 。他是三百年前的“先知” ,他是现代主义的先驱,他 吸引浪漫主义画派,他影响 德国表现主义,他的身影在 委拉斯开兹、毕加索、 里阿尼、培根等现代艺术家 的作品里不停闪现。他站在 他所处的时代,教会 的 我们如何去看眼前的世界想 要抵达光明,必须穿越黑暗 。 |
| ● |
| 相关链接 |
|
|
|
正题名:重新发现格列柯
索取号:J213/G276
 
预约/预借
| 序号 | 登录号 | 条形码 | 馆藏地/架位号 | 状态 | 备注 |
| 1 | 1631507 | 216315075 | 社科库309/309社科库 69排4列1层/ [索取号:J213/G276] | 在馆 |